[Event "ROM-ch U08"]
[Site "Calimanesti Caciulata"]
[Date "2016.04.20"]
[Round "3"]
[White "Ionescu, Mihail"]
[Black "Butolo, Alexandru Mircea"]
[Result "1-0"]
[WhiteElo "1271"]
[BlackElo "1139"]
[PlyCount "61"]
[EventDate "2016.04.18"]
[EventType "swiss"]
[EventRounds "9"]
[EventCountry "ROU"]
[SourceTitle "CBM 172 Extra"]
[Source "ChessBase"]
[SourceDate "2016.06.21"]
[SourceVersion "1"]
[SourceVersionDate "2016.06.21"]
[SourceQuality "1"]

1. e4 e6 2. d4 d5 3. Nc3 Nf6 4. exd5 exd5 5. Nf3 Nc6 6. Bb5 Bd7 7. 0-0 a6 8. Bxc6 Bxc6 9. Bg5 Be7 10. Qe2 Qd7 11. Rfe1 Bb5 12. Nxb5 axb5 13. b3 Ne4 14. Qe3 0-0 15. c4 c6 16. cxb5 cxb5 17. Qf4 Bd6 18. Qe3 Bc7 19. Nd2 Qd6 20. g3 Qe6 21. f3 Nxg5 22. Qxg5 Qg6 23. Qxg6 fxg6 24. Re7 Ba5 25. Nf1 Bb6 26. Kg2 Bxd4 27. Rd1 Rxa2+ 28. Kh3 Rxf3 29. Rxd4 Rxf1 30. Rxd5 Rh1 31. Rd8# 1-0